000
00330nam a2200133Ia 4500
008
240624s9999 xx 000 0 und d
041
_a
eng
082
_a
200 SAD
100
_a
SADHGURU
245
_a
INNER ENGINEERING A YOGI S GUIDE TO JOY
260
_c
2016
_a
New Delhi
_b
Penguin
300
_a
xii, 271 p.; 23 cm.
365
_c
RS
999
_c
30765
_d
30765